[Event "MNT-chT"]
[Site "Herceg Novi"]
[Date "2025.05.07"]
[Round "8.2"]
[White "Petrov, Nikita"]
[Black "Djukic, Nikola"]
[Result "1-0"]
[WhiteElo "2567"]
[BlackElo "2480"]
[PlyCount "69"]
[EventDate "2025.05.01"]
[EventType "team-tourn"]
[EventRounds "9"]
[EventCountry "MNE"]
[SourceTitle "CB20_2025"]
[SourceDate "2025.05.14"]
[SourceVersion "1"]
[SourceVersionDate "2025.05.14"]
[SourceQuality "1"]
[WhiteTeam "Elektroprivreda"]
[BlackTeam "Buducnost"]
[WhiteTeamCountry "MNE"]
[BlackTeamCountry "MNE"]

1. d4 Nf6 2. c4 g6 3. g3 c6 4. Bg2 d5 5. Nf3 Bg7 6. 0-0 0-0 7. a4 dxc4 8. Na3 Na6 9. Nxc4 Be6 10. b3 Bd5 11. Ba3 b6 12. Rc1 Rb8 13. Ne3 Rb7 14. Nxd5 cxd5 15. Qd3 Nb8 16. Rc2 Re8 17. Rfc1 e6 18. Ne5 Bf8 19. Bxf8 Rxf8 20. e4 Re7 21. exd5 Nxd5 22. Bxd5 Qxd5 23. Rc8 Nd7 24. Rxf8+ Kxf8 25. Qe3 Nxe5 26. Qh6+ Ke8 27. dxe5 Rd7 28. Qg7 h5 29. Rc4 Qd1+ 30. Kg2 Qd5+ 31. Kh3 a6 32. Qg8+ Ke7 33. Rf4 f5 34. exf6+ Kd6 35. f7 1-0

[Event "ITA-chT Final 56th"]
[Site "Darfo Boario Terme"]
[Date "2025.04.12"]
[Round "8.29"]
[White "Djukic, Nikola"]
[Black "Pegno, Mattia"]
[Result "1-0"]
[WhiteElo "2480"]
[BlackElo "2262"]
[PlyCount "129"]
[EventDate "2025.04.07"]
[EventType "team-swiss"]
[EventRounds "9"]
[EventCountry "ITA"]
[SourceTitle "CB16_2025"]
[SourceDate "2025.04.16"]
[SourceVersion "1"]
[SourceVersionDate "2025.04.16"]
[SourceQuality "1"]
[WhiteTeam "Torino"]
[BlackTeam "Le Due Torri CSB"]
[WhiteTeamCountry "ITA"]
[BlackTeamCountry "ITA"]

1. e4 e5 2. Nf3 Nc6 3. Bb5 a6 4. Ba4 Nf6 5. d3 d6 6. c3 g6 7. Nbd2 Bg7 8. Nf1 0-0 9. Ng3 d5 10. 0-0 dxe4 11. dxe4 b5 12. Bb3 Qe7 13. Qe2 Na5 14. Bc2 Bb7 15. b4 Nc4 16. Bd3 Nd6 17. Nd2 Nd7 18. Nb3 f5 19. f3 f4 20. Nh1 Nb6 21. Nc5 Bc6 22. Nf2 a5 23. Nd1 a4 24. a3 Qf7 25. Nb2 Ndc4 26. Nxc4 Nxc4 27. Bb1 Rfd8 28. Ba2 Bd7 29. Rd1 Be6 30. Bd2 Bf8 31. Nxe6 Qxe6 32. Be1 Be7 33. Bf2 Qc6 34. Rd5 Rxd5 35. exd5 Qxd5 36. Rd1 Qe6 37. Rd4 Rd8 38. Rxc4 bxc4 39. Bxc4 Rd1+ 40. Qxd1 Qxc4 41. Qxa4 Kf7 42. Qc2 c5 43. Qb2 Qd3 44. Qc1 g5 45. h3 h5 46. Qe1 Ke6 47. bxc5 Kd5 48. c6 Qc4 49. a4 Bc5 50. c7 Bxf2+ 51. Kxf2 Qxc7 52. Qe4+ Kd6 53. Qb4+ Ke6 54. a5 Qd7 55. Qc4+ Kf6 56. Ke2 Qb7 57. Qb4 Qd5 58. c4 Qd7 59. Qb5 Qf5 60. Kd2 g4 61. hxg4 hxg4 62. a6 gxf3 63. gxf3 Qh7 64. Qb6+ Kf5 65. Qb1+ 1-0

[Event "ITA-chT Final 56th"]
[Site "Darfo Boario Terme"]
[Date "2025.04.08"]
[Round "3.33"]
[White "Djukic, Nikola"]
[Black "Nasuta, Grzegorz"]
[Result "1/2-1/2"]
[WhiteElo "2480"]
[BlackElo "2494"]
[PlyCount "128"]
[EventDate "2025.04.07"]
[EventType "team-swiss"]
[EventRounds "9"]
[EventCountry "ITA"]
[SourceTitle "CB16_2025"]
[SourceDate "2025.04.16"]
[SourceVersion "1"]
[SourceVersionDate "2025.04.16"]
[SourceQuality "1"]
[WhiteTeam "Torino"]
[BlackTeam "Dragone Master"]
[WhiteTeamCountry "ITA"]
[BlackTeamCountry "ITA"]

1. e4 e5 2. Nf3 Nc6 3. Bb5 a6 4. Ba4 Nf6 5. 0-0 Nxe4 6. d4 Be7 7. Re1 b5 8. Rxe4 d5 9. Nxe5 Nxe5 10. Rxe5 bxa4 11. b3 0-0 12. Ba3 Bxa3 13. Nxa3 Qd6 14. Nb1 Bb7 15. Nc3 axb3 16. axb3 Rae8 17. Rxe8 Rxe8 18. Qd2 h6 19. Na4 Bc6 20. Nc5 Bb5 21. Re1 Rxe1+ 22. Qxe1 Qf4 23. Qe3 Qf5 24. Qd2 Qg6 25. h3 Qf5 26. Qc1 Qg6 27. c3 Qg5 28. Qe3 Qxe3 29. fxe3 a5 30. Kf2 f5 31. Ne6 c6 32. Nc5 Kf7 33. Nb7 a4 34. bxa4 Bxa4 35. Nc5 Bb5 36. Nd7 Ke6 37. Ne5 Kf6 38. Nf3 g6 39. h4 g5 40. g3 Bc4 41. Ke1 Ba6 42. Kd2 Bb5 43. hxg5+ hxg5 44. Kc2 f4 45. exf4 gxf4 46. gxf4 Kf5 47. Ng5 Kxf4 48. Ne6+ Kf5 49. Nc5 Kf6 50. Kb3 Ke7 51. Kb4 Kd6 52. Ka5 Kc7 53. Ne6+ Kb7 54. Nf4 Bf1 55. Kb4 Kb6 56. Ng6 Bb5 57. Ne5 Be2 58. Nd7+ Kc7 59. Nc5 Bf1 60. Na4 Bb5 61. Nc5 Bf1 62. Ka5 Bb5 63. Ne6+ Kb7 64. Nf4 Bf1 1/2-1/2

[Event "MNT-ch 77th"]
[Site "Podgorica"]
[Date "2025.02.09"]
[Round "11"]
[White "Kadric, Denis"]
[Black "Djukic, Nikola"]
[Result "1-0"]
[WhiteElo "2551"]
[BlackElo "2496"]
[PlyCount "97"]
[EventDate "2025.01.31"]
[EventType "swiss"]
[EventRounds "11"]
[EventCountry "MNE"]
[SourceTitle "CB07_2025"]
[SourceDate "2025.02.12"]
[SourceVersion "1"]
[SourceVersionDate "2025.02.12"]
[SourceQuality "1"]

1. e4 c5 2. Nf3 e6 3. d4 cxd4 4. Nxd4 Nf6 5. Nc3 Nc6 6. Ndb5 Bb4 7. a3 Bxc3+ 8. Nxc3 d5 9. exd5 exd5 10. Bd3 0-0 11. 0-0 d4 12. Ne2 Bg4 13. Re1 Bh5 14. Bg5 Bg6 15. Qd2 Rc8 16. Rad1 Re8 17. Ng3 Rxe1+ 18. Rxe1 h6 19. Bh4 Qd6 20. Nf5 Bxf5 21. Bxf5 Re8 22. Rxe8+ Nxe8 23. Qe2 Kf8 24. h3 Qe5 25. Qxe5 Nxe5 26. Bg3 Nc4 27. Bb8 a6 28. Be4 Ned6 29. Bd5 Ke7 30. Ba7 Nxb2 31. Bxd4 Nbc4 32. Bxg7 Nxa3 33. Bxh6 Nxc2 34. Bd2 b5 35. Kf1 Nc4 36. Bxc4 bxc4 37. Bc3 Ke6 38. h4 Na3 39. h5 Kf5 40. g4+ Kg5 41. Bg7 c3 42. Bxc3 Nc4 43. Ke2 f5 44. Kd3 Nd6 45. Bd2+ Kxg4 46. h6 Nf7 47. h7 Kf3 48. Be3 a5 49. Bd4 1-0

[Event "MNT-ch 77th"]
[Site "Podgorica"]
[Date "2025.02.03"]
[Round "5"]
[White "Draskovic, Davor"]
[Black "Djukic, Nikola"]
[Result "1-0"]
[WhiteElo "2046"]
[BlackElo "2496"]
[PlyCount "95"]
[EventDate "2025.01.31"]
[EventType "swiss"]
[EventRounds "11"]
[EventCountry "MNE"]
[SourceTitle "CB07_2025"]
[SourceDate "2025.02.12"]
[SourceVersion "1"]
[SourceVersionDate "2025.02.12"]
[SourceQuality "1"]

1. e4 c5 2. Nc3 a6 3. g3 b5 4. Bg2 Bb7 5. d3 e6 6. Nh3 b4 7. Ne2 d5 8. 0-0 Nf6 9. e5 Nfd7 10. f4 Be7 11. g4 0-0 12. Ng3 Nc6 13. g5 Qb6 14. Be3 Nd4 15. Bxd4 cxd4 16. Nh5 Kh8 17. Qg4 Rg8 18. Qh4 Rac8 19. Rf2 Nf8 20. Nf6 gxf6 21. gxf6 Bc5 22. Ng5 Rxg5 23. Qxg5 Ng6 24. Kh1 Rg8 25. Bh3 Nf8 26. Qh5 Qc7 27. Rg1 Rxg1+ 28. Kxg1 Ng6 29. Qh6 Bf8 30. Qg5 Bc8 31. Bf1 h6 32. Qg3 Kh7 33. h4 h5 34. Qg5 Bh6 35. Qxh5 Qd8 36. Rg2 Qf8 37. Qg4 Nxf4 38. Rg3 Ng6 39. Qxd4 Bd7 40. h5 Nf4 41. Rg4 Nxh5 42. Qf2 Bc1 43. Rh4 Qh6 44. Qg2 Bg5 45. Rh3 d4 46. Be2 Be3+ 47. Kf1 Qf4+ 48. Bf3 1-0

[Event "MNT-ch 77th"]
[Site "Podgorica"]
[Date "2025.02.01"]
[Round "3"]
[White "Nikac, Predrag"]
[Black "Djukic, Nikola"]
[Result "1-0"]
[WhiteElo "2236"]
[BlackElo "2496"]
[PlyCount "90"]
[EventDate "2025.01.31"]
[EventType "swiss"]
[EventRounds "11"]
[EventCountry "MNE"]
[SourceTitle "CB07_2025"]
[SourceDate "2025.02.12"]
[SourceVersion "1"]
[SourceVersionDate "2025.02.12"]
[SourceQuality "1"]

1. e4 c5 2. Be2 Nc6 3. f4 d5 4. d3 e6 5. Nf3 Bd6 6. 0-0 Nge7 7. Qe1 0-0 8. Nc3 f6 9. Bd1 a6 10. a3 Qc7 11. Ne2 b5 12. c3 c4 13. Bc2 cxd3 14. Bxd3 dxe4 15. Bxe4 f5 16. Bb1 Na5 17. Ned4 Rf6 18. a4 bxa4 19. Rxa4 Bd7 20. Ra1 Nd5 21. Ne5 Bxe5 22. Qxe5 Nc4 23. Qxc7 Nxc7 24. b3 Nd6 25. c4 Be8 26. Ba3 Rd8 27. Bc5 Nc8 28. Bc2 h6 29. Rfd1 Bh5 30. Nf3 Re8 31. Rd7 Bxf3 32. Rxc7 Rg6 33. g3 Rd8 34. Kf2 Bg4 35. Ke3 e5 36. fxe5 Re6 37. Bd4 Ne7 38. Ra5 g5 39. Bc3 Re8 40. b4 Nc6 41. Rxa6 Nxb4 42. Raa7 Nxc2+ 43. Kd2 Rg6 44. e6 f4 45. Rh7 Bf3 1-0

[Event "EU-ch Blitz"]
[Site "Skopje"]
[Date "2024.12.09"]
[Round "12"]
[White "Djukic, Nikola"]
[Black "Costachi, Mihnea"]
[Result "0-1"]
[WhiteElo "2493"]
[BlackElo "2464"]
[PlyCount "62"]
[EventDate "2024.12.09"]
[EventType "swiss (blitz)"]
[EventRounds "13"]
[EventCountry "MKD"]
[SourceTitle "CB50_2024"]
[SourceDate "2024.11.01"]
[SourceVersion "1"]
[SourceVersionDate "2024.11.01"]
[SourceQuality "2"]

1. e4 e5 2. Nf3 Nc6 3. Bb5 a6 4. Ba4 d6 5. c3 Bd7 6. d4 g6 7. 0-0 Bg7 8. Re1 Nf6 9. h3 0-0 10. Bc2 Re8 11. Nbd2 Nh5 12. Nf1 Nf4 13. Be3 Qf6 14. N1h2 Rad8 15. Qd2 g5 16. Kh1 h5 17. d5 Ne7 18. Ng1 Neg6 19. g3 Bh6 20. Qd1 Kg7 21. gxf4 gxf4 22. Bd2 Rh8 23. Qe2 Rdg8 24. f3 Kf8 25. Rf1 Nh4 26. Be1 Rg3 27. Qf2 Rhg8 28. Bd3 Rxh3 29. Nxh3 Bxh3 30. Qxh4 Bg2+ 31. Kg1 Bxf3+ 0-1

[Event "EU-ch Blitz"]
[Site "Skopje"]
[Date "2024.12.09"]
[Round "8"]
[White "Djukic, Nikola"]
[Black "Larkin, Vladislav"]
[Result "1-0"]
[WhiteElo "2493"]
[BlackElo "2449"]
[PlyCount "49"]
[EventDate "2024.12.09"]
[EventType "swiss (blitz)"]
[EventRounds "13"]
[EventCountry "MKD"]
[SourceTitle "CB50_2024"]
[SourceDate "2024.11.01"]
[SourceVersion "1"]
[SourceVersionDate "2024.11.01"]
[SourceQuality "2"]

1. e4 d6 2. d4 Nf6 3. Nc3 c6 4. a4 Nbd7 5. Nf3 e5 6. Bc4 Be7 7. 0-0 h6 8. Re1 Qc7 9. b3 g5 10. Bb2 Nf8 11. dxe5 dxe5 12. Nd5 cxd5 13. Bxe5 Qb6 14. exd5 Bg4 15. d6 0-0-0 16. dxe7 Rxd1 17. Bxf6 Rxe1+ 18. Rxe1 Bd7 19. e8Q+ Bxe8 20. Rxe8+ Kd7 21. Bb5+ Kd6 22. Be5+ Kc5 23. Bd4+ Kb4 24. Bxb6 axb6 25. Ne5 1-0

[Event "EU-ch Blitz"]
[Site "Skopje"]
[Date "2024.12.09"]
[Round "3"]
[White "Ghimpu, Samuel Timotei"]
[Black "Djukic, Nikola"]
[Result "1/2-1/2"]
[WhiteElo "2475"]
[BlackElo "2493"]
[PlyCount "142"]
[EventDate "2024.12.09"]
[EventType "swiss (blitz)"]
[EventRounds "13"]
[EventCountry "MKD"]
[SourceTitle "CB50_2024"]
[SourceDate "2024.11.01"]
[SourceVersion "1"]
[SourceVersionDate "2024.11.01"]
[SourceQuality "2"]

1. d4 Nf6 2. Nf3 g6 3. Nbd2 c5 4. dxc5 Qa5 5. a3 Qxc5 6. b4 Qc7 7. Bb2 Bg7 8. c4 0-0 9. e3 b6 10. Be2 Bb7 11. 0-0 d6 12. Qb3 Nbd7 13. h3 Rac8 14. Rac1 Qb8 15. Rfd1 a6 16. Qa2 Qa8 17. Bf1 Rfd8 18. Nd4 d5 19. Qa1 dxc4 20. Nxc4 b5 21. Na5 Bd5 22. a4 bxa4 23. Qxa4 Nb6 24. Qa1 Ne8 25. Ndc6 Bxb2 26. Qxb2 Bxc6 27. Rxd8 Rxd8 28. Nxc6 Rd7 29. Qe5 e6 30. Qa5 Nd5 31. Qxa6 Qxa6 32. Bxa6 Rc7 33. b5 Nd6 34. Rb1 Nb6 35. Rd1 Ndc4 36. Rd8+ Kg7 37. e4 Kf6 38. f4 h6 39. Kf2 g5 40. g3 gxf4 41. gxf4 e5 42. Nxe5 Nxe5 43. Rd6+ Ke7 44. Rxb6 Rc2+ 45. Kg3 Rc3+ 46. Kg2 Ng6 47. f5 Nf4+ 48. Kf1 Rxh3 49. e5 Re3 50. Rb7+ Ke8 51. b6 Rb3 52. Rb8+ Kd7 53. b7 Nd5 54. Rc8 Ne3+ 55. Ke1 Nxf5 56. b8Q Rxb8 57. Rxb8 Nd4 58. Bc4 Nf3+ 59. Kf2 Nxe5 60. Bb3 Ke7 61. Ke3 Kf6 62. Rb6+ Kg5 63. Ke4 f6 64. Rb8 Ng4 65. Rg8+ Kh4 66. Kf5 h5 67. Ba2 Nh6+ 68. Kxf6 Nxg8+ 69. Kf5 Nh6+ 70. Kf4 Kh3 71. Be6+ Kh4 1/2-1/2

[Event "EU-ch Rapid"]
[Site "Skopje"]
[Date "2024.12.07"]
[Round "6"]
[White "Djukic, Nikola"]
[Black "Gaponenko, Inna"]
[Result "0-1"]
[WhiteElo "2493"]
[BlackElo "2343"]
[PlyCount "86"]
[EventDate "2024.12.07"]
[EventType "swiss (rapid)"]
[EventRounds "11"]
[EventCountry "MKD"]
[SourceTitle "CB50_2024"]
[SourceDate "2024.11.01"]
[SourceVersion "1"]
[SourceVersionDate "2024.11.01"]
[SourceQuality "2"]

1. e4 c5 2. Nf3 g6 3. d4 cxd4 4. Nxd4 Nc6 5. c4 Bg7 6. Be3 Nf6 7. Nc3 0-0 8. Be2 b6 9. 0-0 Bb7 10. Nc2 e6 11. f4 d5 12. e5 Ne4 13. Nxe4 dxe4 14. c5 bxc5 15. Bxc5 Qxd1 16. Raxd1 Rfc8 17. Rd7 Nxe5 18. fxe5 Rxc5 19. Rxb7 Rxc2 20. Rfxf7 Bxe5 21. Bg4 Bd4+ 22. Kf1 Rc1+ 23. Ke2 Rac8 24. Rg7+ Bxg7 25. Bxe6+ Kh8 26. Bxc8 Rxc8 27. Ke3 Re8 28. Rxa7 Bxb2 29. Ra4 Bc1+ 30. Ke2 e3 31. Rc4 Bd2 32. a4 Ra8 33. g4 g5 34. h3 Ra7 35. Kd3 Kg7 36. Ke2 Kf6 37. Re4 Ra6 38. Rc4 Ra7 39. Re4 h6 40. Rc4 Ra6 41. Re4 Re6 42. Rc4 Ke5 43. Rc5+ Kf4 0-1

[Event "EU-ch Rapid"]
[Site "Skopje"]
[Date "2024.12.07"]
[Round "4"]
[White "Djukic, Nikola"]
[Black "Horvath, Dominik"]
[Result "0-1"]
[WhiteElo "2493"]
[BlackElo "2542"]
[PlyCount "166"]
[EventDate "2024.12.07"]
[EventType "swiss (rapid)"]
[EventRounds "11"]
[EventCountry "MKD"]
[SourceTitle "CB50_2024"]
[SourceDate "2024.11.01"]
[SourceVersion "1"]
[SourceVersionDate "2024.11.01"]
[SourceQuality "2"]

1. e4 e5 2. Nf3 Nc6 3. Bb5 a6 4. Ba4 Nge7 5. c3 Ng6 6. d4 exd4 7. cxd4 Bb4+ 8. Bd2 0-0 9. Bxc6 Bxd2+ 10. Qxd2 dxc6 11. 0-0 Bg4 12. Ne1 Qh4 13. f4 f5 14. e5 Rad8 15. Nc3 Rd7 16. Nc2 Rfd8 17. Qf2 Qxf2+ 18. Rxf2 Nf8 19. Ne3 Rxd4 20. h3 Bh5 21. Nxf5 Rd3 22. Re1 Bf7 23. Ne3 g6 24. g4 Nd7 25. Nf1 Re8 26. Rfe2 Be6 27. Re3 Rxe3 28. Nxe3 Bf7 29. Rd1 Re7 30. Ne4 Kg7 31. a3 Nxe5 32. fxe5 Rxe5 33. Rd7 Rxe4 34. Kf2 Kf8 35. Rxc7 Re7 36. Rc8+ Kg7 37. Rd8 Bb3 38. g5 h6 39. gxh6+ Kxh6 40. Ng4+ Kg7 41. Kg3 g5 42. h4 gxh4+ 43. Kxh4 Kg6 44. Kg3 Bd5 45. Kf2 Rf7+ 46. Ke1 Rh7 47. Kd2 Kf5 48. Ne3+ Ke4 49. Re8+ Kd4 50. Nf5+ Kc4 51. Re3 Rh2+ 52. Kc1 a5 53. Rc3+ Kb5 54. Nd4+ Kb6 55. b4 a4 56. Kb1 Rd2 57. Nf3 Be4+ 58. Kc1 Rf2 59. Ne5 Kc7 60. b5 Rf5 61. b6+ Kxb6 62. Nc4+ Kc7 63. Nd2 Bd5 64. Rg3 b5 65. Kc2 Kb6 66. Kc3 Re5 67. Nf1 Re1 68. Ne3 Rb1 69. Kd4 Rb3 70. Rg6 Ka5 71. Nc2 Rh3 72. Rf6 Bh1 73. Rf8 c5+ 74. Ke5 Rc3 75. Rf2 Bb7 76. Rh2 Bc6 77. Rf2 Be8 78. Kd6 Bg6 79. Ne1 Rxa3 80. Kxc5 Rc3+ 81. Kd4 Rc4+ 82. Kd5 a3 83. Kd6 Be4 0-1

[Event "EU-ch 24th"]
[Site "Petrovac"]
[Date "2024.11.16"]
[Round "8"]
[White "Predke, Alexandr"]
[Black "Djukic, Nikola"]
[Result "1/2-1/2"]
[WhiteElo "2652"]
[BlackElo "2499"]
[PlyCount "115"]
[EventDate "2024.11.08"]
[EventType "swiss"]
[EventRounds "11"]
[EventCountry "MNE"]
[SourceTitle "CB47_2024"]
[SourceDate "2024.11.20"]
[SourceVersion "1"]
[SourceVersionDate "2024.11.20"]
[SourceQuality "1"]

1. e4 c5 2. Nf3 d6 3. d4 cxd4 4. Nxd4 Nf6 5. Nc3 g6 6. Be3 Bg7 7. f3 0-0 8. Qd2 Nc6 9. 0-0-0 d5 10. Nxc6 bxc6 11. Bh6 Bxh6 12. Qxh6 e5 13. Qg5 Re8 14. exd5 Nxd5 15. Qxd8 Rxd8 16. Bc4 Be6 17. Ne4 Nf4 18. Bxe6 Nxe6 19. Rhe1 Kg7 20. Nd6 f6 21. a4 Rab8 22. Nc4 Rd5 23. Ne3 Rdd8 24. c3 h5 25. h4 Kf7 26. b4 a6 27. Kc2 Ke7 28. Rxd8 Rxd8 29. g3 Ng7 30. f4 exf4 31. gxf4 Kf7 32. Rf1 Ke6 33. Re1 Kf7 34. Nc4 Nf5 35. Na5 Rc8 36. Nb7 Re8 37. Rh1 Rb8 38. Nc5 Ra8 39. a5 Ra7 40. Kb3 Ng3 41. Rh3 Nf5 42. Ka4 Ng7 43. Re3 g5 44. fxg5 fxg5 45. hxg5 Kg6 46. c4 h4 47. Re1 Kxg5 48. Nxa6 Rxa6 49. b5 cxb5+ 50. cxb5 Ra8 51. b6 Ne8 52. Rg1+ Kf6 53. Rg8 h3 54. b7 Rb8 55. a6 h2 56. Rh8 Nc7 57. Rxh2 Nxa6 58. Rh6+ 1/2-1/2

[Event "EU-ch 24th"]
[Site "Petrovac"]
[Date "2024.11.13"]
[Round "6"]
[White "Citak, Selim"]
[Black "Djukic, Nikola"]
[Result "1/2-1/2"]
[WhiteElo "2366"]
[BlackElo "2499"]
[PlyCount "46"]
[EventDate "2024.11.08"]
[EventType "swiss"]
[EventRounds "11"]
[EventCountry "MNE"]
[SourceTitle "CB47_2024"]
[SourceDate "2024.11.20"]
[SourceVersion "1"]
[SourceVersionDate "2024.11.20"]
[SourceQuality "1"]

1. d4 Nf6 2. c4 g6 3. Nc3 Bg7 4. e4 d6 5. Be2 0-0 6. Nf3 e5 7. dxe5 dxe5 8. Qxd8 Rxd8 9. Bg5 Re8 10. Nd5 Nxd5 11. cxd5 c6 12. Bc4 cxd5 13. Bxd5 Nd7 14. Nd2 Nc5 15. 0-0-0 Be6 16. Bxe6 Nxe6 17. Be3 Bf8 18. Kb1 Rec8 19. Rc1 Rd8 20. Nc4 f6 21. Na5 b6 22. Nc6 Rd7 23. Rhd1 Rc7 1/2-1/2

[Event "EU-ch 24th"]
[Site "Petrovac"]
[Date "2024.11.10"]
[Round "3"]
[White "Djukic, Nikola"]
[Black "Leszko, Bence"]
[Result "1-0"]
[WhiteElo "2499"]
[BlackElo "2292"]
[PlyCount "83"]
[EventDate "2024.11.08"]
[EventType "swiss"]
[EventRounds "11"]
[EventCountry "MNE"]
[SourceTitle "CB47_2024"]
[SourceDate "2024.11.20"]
[SourceVersion "1"]
[SourceVersionDate "2024.11.20"]
[SourceQuality "1"]

1. c4 e6 2. g3 Nc6 3. Bg2 d5 4. Nf3 d4 5. 0-0 g6 6. d3 Bg7 7. Na3 Nge7 8. Nc2 a5 9. b3 0-0 10. a3 e5 11. Rb1 h6 12. b4 Be6 13. b5 Nb8 14. e3 Qd7 15. exd4 exd4 16. Nd2 c5 17. Ne4 Bg4 18. f3 Bf5 19. Nxc5 Qc7 20. Nb3 a4 21. Nbxd4 Bxd4+ 22. Nxd4 Qc5 23. Be3 Qxa3 24. Ra1 Qxd3 25. Nxf5 Qxf5 26. Rxa4 Rxa4 27. Qxa4 Nd7 28. Qa7 Rc8 29. Qxb7 Rxc4 30. Rd1 Qe6 31. Bf2 Nc5 32. Qb8+ Kh7 33. Re1 Qf6 34. Qd8 Ne6 35. Qd3 Rc3 36. Qd2 Rb3 37. b6 Nf5 38. f4 Ned4 39. b7 Qb6 40. b8Q Qxb8 41. Bxd4 Qd6 42. Rd1 1-0

[Event "SRB-chT Premier"]
[Site "Bajina Basta"]
[Date "2024.10.02"]
[Round "6.2"]
[White "Celik, Hasan Huseyin"]
[Black "Djukic, Nikola"]
[Result "1/2-1/2"]
[WhiteElo "2425"]
[BlackElo "2515"]
[PlyCount "53"]
[EventDate "2024.09.27"]
[EventType "team-tourn"]
[EventRounds "11"]
[EventCountry "SRB"]
[SourceTitle "EXT 2025"]
[Source "ChessBase"]
[SourceDate "2024.10.14"]
[SourceVersion "1"]
[SourceVersionDate "2024.10.14"]
[SourceQuality "1"]
[WhiteTeam "Novi Sad SK"]
[BlackTeam "Pozega"]
[WhiteTeamCountry "SRB"]
[BlackTeamCountry "SRB"]

1. e4 c5 2. Nf3 d6 3. d4 cxd4 4. Nxd4 Nf6 5. Nc3 g6 6. Be3 Bg7 7. f3 0-0 8. Qd2 Nc6 9. 0-0-0 d5 10. exd5 Nxd5 11. Nxc6 bxc6 12. Bd4 Bxd4 13. Qxd4 Qb6 14. Na4 Qc7 15. Bc4 Rd8 16. Bb3 Be6 17. Nc5 Nf4 18. Nxe6 Nxe6 19. Qe3 Nf4 20. g3 Nd5 21. Qc5 Qb6 22. Qxb6 Nxb6 23. c3 c5 24. Rxd8+ Rxd8 25. Rd1 Rc8 26. f4 Kf8 27. Bc2 1/2-1/2

[Event "Olympiad-45"]
[Site "Budapest"]
[Date "2024.09.18"]
[Round "7.3"]
[White "Vazquez, Facundo"]
[Black "Djukic, Nikola"]
[Result "1/2-1/2"]
[WhiteElo "2388"]
[BlackElo "2515"]
[PlyCount "98"]
[EventDate "2024.09.11"]
[EventType "team-swiss"]
[EventRounds "11"]
[EventCountry "HUN"]
[SourceTitle "EXT 2025"]
[Source "ChessBase"]
[SourceDate "2024.10.14"]
[SourceVersion "1"]
[SourceVersionDate "2024.10.14"]
[SourceQuality "1"]
[WhiteTeam "Uruguay"]
[BlackTeam "Montenegro"]
[WhiteTeamCountry "URU"]
[BlackTeamCountry "MNE"]

1. d4 Nf6 2. c4 e6 3. g3 c5 4. d5 exd5 5. cxd5 d6 6. Nc3 g6 7. Bg2 Bg7 8. Nf3 0-0 9. 0-0 Re8 10. Bf4 h6 11. Qc1 g5 12. Bd2 Bf5 13. h4 g4 14. Ne1 Kh7 15. Nd3 a6 16. a4 Nbd7 17. Nf4 Ne5 18. Nd1 b5 19. Ne3 Bd7 20. Qc2+ Kg8 21. Bc3 Qe7 22. Rfd1 Rec8 23. Nf5 Bxf5 24. Qxf5 c4 25. Nh5 Nxh5 26. Qxh5 Rcb8 27. Be4 b4 28. Bd4 Rb7 29. Rac1 c3 30. bxc3 b3 31. Rb1 Rc8 32. Bh7+ Kf8 33. Bf5 Rc4 34. Bxg4 Rxa4 35. e4 a5 36. Qf5 Rc4 37. Be2 Rcc7 38. Qh7 a4 39. f4 a3 40. fxe5 dxe5 41. d6 Qxd6 42. Be3 Qg6 43. Rd8+ Ke7 44. Qg8 Qxg3+ 45. Kf1 Qh3+ 46. Kf2 Qh2+ 47. Kf3 Qh3+ 48. Kf2 Qh2+ 49. Kf3 Qh3+ 1/2-1/2

[Event "Olympiad-45"]
[Site "Budapest"]
[Date "2024.09.11"]
[Round "1.36"]
[White "Djukic, Nikola"]
[Black "Corbin, Philip"]
[Result "1-0"]
[WhiteElo "2515"]
[BlackElo "1916"]
[PlyCount "81"]
[EventDate "2024.09.11"]
[EventType "team-swiss"]
[EventRounds "11"]
[EventCountry "HUN"]
[SourceTitle "EXT 2025"]
[Source "ChessBase"]
[SourceDate "2024.10.14"]
[SourceVersion "1"]
[SourceVersionDate "2024.10.14"]
[SourceQuality "1"]
[WhiteTeam "Montenegro"]
[BlackTeam "Barbados"]
[WhiteTeamCountry "MNE"]
[BlackTeamCountry "BAR"]

1. e4 e5 2. Nf3 d5 3. exd5 Bd6 4. d4 e4 5. Ne5 Nf6 6. Bb5+ c6 7. dxc6 bxc6 8. Ba4 0-0 9. Nc3 Ba6 10. Bg5 Qa5 11. Bxf6 gxf6 12. Qg4+ Kh8 13. Qf5 fxe5 14. Qf6+ Kg8 15. Qxd6 exd4 16. Qxd4 Rd8 17. Qe3 Nd7 18. 0-0-0 Nc5 19. Rxd8+ Rxd8 20. b4 Qxb4 21. Qg5+ Kf8 22. Qxd8+ Kg7 23. Qg5+ Kf8 24. Rd1 Nd3+ 25. Rxd3 exd3 26. Qf6 Bc4 27. Qd8+ Kg7 28. Qd4+ Kg8 29. cxd3 Qa3+ 30. Kd2 Qb2+ 31. Bc2 Bxa2 32. Qxa7 Be6 33. Qa8+ Kg7 34. Qxc6 Qb4 35. Qe4 Qb6 36. d4 f5 37. Qe5+ Kf7 38. Bxf5 Qb2+ 39. Bc2 Bb3 40. Qc7+ Kf6 41. Qb6+ 1-0

[Event "BIH-chT 22nd"]
[Site "Neum"]
[Date "2024.09.06"]
[Round "7.1"]
[White "Kovacevic, Aleksandar"]
[Black "Djukic, Nikola"]
[Result "1/2-1/2"]
[WhiteElo "2479"]
[BlackElo "2515"]
[PlyCount "22"]
[EventDate "2024.09.01"]
[EventType "team-tourn"]
[EventRounds "9"]
[EventCountry "BIH"]
[SourceTitle "EXT 2025"]
[Source "ChessBase"]
[SourceDate "2024.10.14"]
[SourceVersion "1"]
[SourceVersionDate "2024.10.14"]
[SourceQuality "1"]

1. e4 e5 2. Nf3 Nc6 3. Bb5 a6 4. Bxc6 dxc6 5. 0-0 f6 6. d4 exd4 7. Nxd4 c5 8. Ne2 Qxd1 9. Rxd1 Bd7 10. Nbc3 0-0-0 11. Be3 Bd6 1/2-1/2

[Event "BIH-chT 22nd"]
[Site "Neum"]
[Date "2024.09.02"]
[Round "2.1"]
[White "Sedlak, Nikola"]
[Black "Djukic, Nikola"]
[Result "1/2-1/2"]
[WhiteElo "2401"]
[BlackElo "2515"]
[PlyCount "91"]
[EventDate "2024.09.01"]
[EventType "team-tourn"]
[EventRounds "9"]
[EventCountry "BIH"]
[SourceTitle "EXT 2025"]
[Source "ChessBase"]
[SourceDate "2024.10.14"]
[SourceVersion "1"]
[SourceVersionDate "2024.10.14"]
[SourceQuality "1"]

1. Nf3 Nf6 2. g3 g6 3. b3 Bg7 4. Bb2 c5 5. c4 d6 6. Bg2 e5 7. d3 Nc6 8. Nc3 0-0 9. 0-0 Rb8 10. a3 h6 11. Nd2 Bd7 12. b4 b6 13. Nd5 Nxd5 14. cxd5 Ne7 15. bxc5 bxc5 16. Bc3 Nc8 17. Nc4 Qe7 18. a4 f5 19. Qc2 Nb6 20. Na5 Qf7 21. Nc6 Rbe8 22. e4 fxe4 23. dxe4 Bxc6 24. dxc6 Rc8 25. a5 Na8 26. Rad1 Rxc6 27. Qa4 Qe8 28. Bh3 Nc7 29. Bc8 d5 30. Bb7 Rd6 31. Bxd5+ Nxd5 32. Qa2 Qf7 33. Rxd5 Rxd5 34. exd5 Rd8 35. Rd1 e4 36. Bxg7 Kxg7 37. Qc4 Qf3 38. Re1 e3 39. Rxe3 Qd1+ 40. Qf1 Qxf1+ 41. Kxf1 Rxd5 42. Re7+ Kg8 43. Rxa7 c4 44. Ra6 c3 45. Rc6 Rxa5 46. Rxc3 1/2-1/2

[Event "FRM-chT 32nd"]
[Site "Struga"]
[Date "2024.08.01"]
[Round "9.2"]
[White "Stojanovic, Dalibor"]
[Black "Djukic, Nikola"]
[Result "1/2-1/2"]
[WhiteElo "2453"]
[BlackElo "2532"]
[PlyCount "31"]
[EventDate "2024.07.24"]
[EventType "team-tourn"]
[EventRounds "9"]
[EventCountry "MKD"]
[SourceTitle "EXT 2025"]
[Source "ChessBase"]
[SourceDate "2024.10.14"]
[SourceVersion "1"]
[SourceVersionDate "2024.10.14"]
[SourceQuality "1"]
[WhiteTeam "Prilep Pelagon"]
[BlackTeam "Gostivar"]
[WhiteTeamCountry "MKD"]
[BlackTeamCountry "MKD"]

1. e4 c5 2. Nf3 d6 3. Bb5+ Bd7 4. Bxd7+ Nxd7 5. 0-0 Ngf6 6. Qe2 e6 7. b3 Be7 8. Bb2 0-0 9. c4 Re8 10. d4 cxd4 11. Nxd4 a6 12. Nc3 Qa5 13. Rad1 Rac8 14. f4 Bf8 15. Kh1 Red8 16. Nf3 1/2-1/2